[Event "Candidates sf"]
[Site "Elista"]
[Date "2007.06.03"]
[Round "1.8"]
[White "Adams, Michael"]
[Black "Shirov, Alexei"]
[Result "0-1"]
[WhiteElo "2734"]
[BlackElo "2699"]
[Annotator "Marin,M"]
[PlyCount "102"]
[EventDate "2007.05.27"]
[EventType "k.o."]
[EventRounds "12"]
[EventCountry "RUS"]
[SourceTitle "CBM 119"]
[Source "ChessBase"]
[SourceDate "2007.08.01"]
[SourceVersion "1"]
[SourceVersionDate "2007.08.01"]
[SourceQuality "1"]

1. e4 e5 2. Nf3 Nc6 3. Bc4 Nf6 4. d3 Bc5 5. c3 a6 6. Bb3 Ba7 7. O-O d6 8. h3 {
Even in such a "slow" variation as Giuoco Pianissimo, there are certain
subtleties regarding the move order. Adams' last move looks at least premature
and the further course of the game more or less sustains this point of view.} (
{The main variation goes} 8. Nbd2 O-O 9. h3 {and so on.}) ({However, White has
recently tried with relative success the slightly unusual setup} 8. h3 O-O 9.
Be3 Bxe3 10. fxe3 {with chances to bulid up a kingside attack, based on the
pressure along the f-file and on the outpost on f5. It is obvious that there
is no better waiting move than h3. If Re1, then Black would be absolved by any
worries along the f-file, while Nbd2 would make Be3 physically impossible.}) ({
One good question is why not play} 8. Be3 Bxe3 9. fxe3 {immediately. In
practice, Black has generally castled kingside, leaving him under serious
pressure. Adams probably feared that Shirov's king would go to the other wing
after, let's say,} Bg4 10. Nbd2 Qd7 11. h3 Bh5 12. Qe1 O-O-O) 8... h6 9. Re1 ({
Probably hoping to transpose to the main line where the usefulness of ...h6 is
questionable after} 9. Re1 O-O 10. Nbd2) ({However, after ...h6,} 9. Be3 {
makes more sense already, because the weakness of the f5-square becomes more
notable even if Black castles long.}) 9... g5 $5 {Such an attack would
obviously be premature in the absence of the weakening move h3. The way it is,
Black weakens the light squares on his kingside, but obtains strong pressure
along the g-file.} 10. Nh2 (10. Be3 g4 11. hxg4 Bxg4 12. Bxa7 Nxa7 13. Nbd2 Qd7
14. d4 Nc6 15. dxe5 Nxe5 16. Nxe5 dxe5 17. Nf3 Qe7 18. Qd3 Bxf3 19. Qxf3 O-O-O
20. Rad1 Rdg8 21. Rd3 Rg5 22. Red1 Rhg8 23. g3 h5 $132 {Nikac,P (2375)
-Vujosevic,V (2405)/Niksic 1996/EXT 2000 (0-1, 35)}) 10... g4 11. hxg4 Rg8 12.
Qf3 (12. g5 hxg5 13. d4 g4 14. g3 exd4 $17 {Tritt,M (2273)-Marcotulli,G (2220)/
IECG email 2003/Corr 2004 (0-1, 27)}) 12... Qe7 $146 (12... Na5 13. Bd5 c6 14.
Bxf7+ Kxf7 15. b4 Bxg4 16. Nxg4 Rxg4 17. Be3 b5 18. bxa5 Qxa5 19. Bxa7 Rxa7 20.
d4 Re7 21. dxe5 Rxe5 22. Nd2 {Rodriguez,A (2575)-Sorin,A (2505)/Villa
Ballester 1996/CBM 051 ext (1-0, 37). A very interesting position. Black has
excellent piece control of the centre, but in the long run his king could be
in danger.}) 13. Be3 Bxe3 14. fxe3 Bxg4 15. Nxg4 Nxg4 16. Qh3 Nd8 $5 {
Transferring this knight to e6 before castling saves a whole tempo.} 17. Nd2
Ne6 18. Re2 O-O-O 19. Rf1 Kb8 20. Nf3 h5 21. Qh4 f6 $11 {White's pressure
along the f-file and his slightly more compact structure are compensated for
by the relatively insecure position of his king.} 22. Nh2 Rdf8 23. Rf5 Nxh2 24.
Qxh2 h4 25. Bxe6 Qxe6 26. c4 Rh8 27. Ref2 Rh6 28. Qh3 Rg8 29. R5f3 Qe7 30. Kf1
Rg5 31. Ke2 Qg7 32. Qh1 Rhg6 33. Kf1 Rg3 34. Qxh4 Rxg2 35. Rh3 Ka7 36. Rh2 Rg1+
37. Ke2 Rb1 38. Kf3 Re1 39. Qh3 a5 40. Rfg2 Rf1+ 41. Ke2 Rb1 42. Kf3 Rf1+ 43.
Ke2 Rg1 44. Rxg1 Rxg1 45. Kd2 Rb1 46. Kc3 Qg1 47. Qg2 Rc1+ 48. Kb3 Qd1+ 49. Ka3
Qxd3+ 50. b3 Rxc4 51. Rh7 Qc3 0-1

[Event "Khanty-Mansiysk FIDE GP"]
[Site "Khanty-Mansiysk"]
[Date "2015.05.16"]
[Round "3"]
[White "Nakamura, Hikaru"]
[Black "Giri, Anish"]
[Result "1/2-1/2"]
[WhiteElo "2799"]
[BlackElo "2776"]
[Annotator "Marin,M"]
[PlyCount "61"]
[EventDate "2015.05.14"]
[EventType "tourn"]
[EventRounds "11"]
[EventCountry "RUS"]
[EventCategory "21"]
[SourceTitle "CBM 167"]
[Source "ChessBase"]
[SourceDate "2015.07.13"]
[SourceVersion "1"]
[SourceVersionDate "2015.07.13"]
[SourceQuality "1"]

1. e4 {[%emt 0:00:03]} e5 {[%emt 0:00:02]} 2. Nf3 {[%emt 0:00:08]} Nc6 {
[%emt 0:00:04]} 3. Bc4 {[%emt 0:00:19]} Bc5 {[%emt 0:00:04]} 4. c3 {[%emt 0:00:
17]} Nf6 {[%emt 0:00:05]} 5. d4 {[%emt 0:00:03]} exd4 {[%emt 0:00:04]} 6. cxd4
{[%emt 0:00:06]} Bb4+ {[%emt 0:00:05] All this is known as inoffensive for
Black. The last check is essential in order to prevent White from keeping his
massive centre.} 7. Nbd2 $5 {[%emt 0:00:04] A rare move, which was not tried
in the old games at all.} ({Greco's favourite was} 7. Nc3 {(see below)}) ({
while the main line goes} 7. Bd2 Bxd2+ 8. Nbxd2 d5 9. exd5 Nxd5 {with
comfortable equality for Black. White's last move sacrifices a pawn and could
rightly be called "original". But just as when we speak about the rightness of
the surname Piano, everything is relative. For a player like Nakamura, who
only ten years ago used to experiment with 2.Qh5 in the open games, the whole
line can safely be considered as "classical"!}) 7... Nxe4 {[%emt 0:01:57]
Kindly picking up the gauntlet.} (7... Bxd2+ 8. Bxd2 Nxe4 (8... d5 9. exd5 Nxd5
10. Qb3 Nce7 11. O-O $14 {offers White some pressure due to his bishop pair.})
9. d5 Ne7 10. O-O Nxd2 11. Qxd2 {would transpose to the game.}) ({Another try
is} 7... d5 8. exd5 Qe7+ (8... Nxd5 9. O-O O-O 10. a3 {may cause Black some
problems. He has to either part with the bishop or face some problems of minor
piece coordination after the bishop's retreat.}) 9. Be2 Nxd5 10. O-O {The
tempo won with ...Qe7+ will soon be lost after Re1 followed by Bc4 and Black
still did not find an optimal way to consolidate his minor piece control over
the d5-square.}) 8. d5 $1 {[%emt 0:00:15] This is the spirit of the line!
White is fighting for space and advance in development. But Black has enough
resources to hold his own.} Nxd2 {[%emt 0:09:04]} 9. Bxd2 {[%emt 0:00:37]}
Bxd2+ {[%emt 0:00:04]} 10. Qxd2 {[%emt 0:00:17]} Ne7 {[%emt 0:00:02]} 11. d6 {
[%emt 0:01:11] Another typical move, slowing down the black queenside
development.} cxd6 {[%emt 0:00:06]} 12. O-O {[%emt 0:00:08] White's superior
development surely compensates for the missing pawns, but Black does not have
to stick to his material advantage.} d5 $1 {[%emt 0:02:16] Clearing the path
for the d7-pawn and making the c8-bishop's development inevitable.} 13. Bxd5 {
[%emt 0:00:49]} O-O {[%emt 0:00:18]} 14. Rad1 {[%emt 0:05:22]} Nxd5 {[%emt 0:
08:03]} 15. Qxd5 {[%emt 0:00:38]} d6 {[%emt 0:00:03]} 16. Qxd6 {[%emt 0:00:52]
There seems to be nothing better than this, but now the game simplifies to an
ending in which only White could have slight problems.} Qxd6 {[%emt 0:00:44]}
17. Rxd6 {[%emt 0:00:04]} Be6 {[%emt 0:00:58]} 18. a3 {[%emt 0:00:09]} Rfd8 {
[%emt 0:00:43]} 19. Rd4 $1 {[%emt 0:06:35] The most accurate.} ({If} 19. Rfd1
Rxd6 20. Rxd6 Rc8 21. h4 Kf8 {Black could hope to prove the superiority of his
bishop over the knight in an ending with an open centre and pawns on both
wings.}) 19... Rxd4 {[%emt 0:02:36]} 20. Nxd4 {[%emt 0:00:05]} Rd8 {[%emt 0:00:
03]} 21. Rd1 {[%emt 0:00:12]} f6 {[%emt 0:00:47]} 22. f3 {[%emt 0:01:54]} Kf7 {
[%emt 0:00:04]} 23. Kf2 {[%emt 0:00:03]} Rd5 {[%emt 0:00:28]} 24. Ke3 {[%emt 0:
01:27] White has achieved perfect centralisation and Black does not find
anything better than a draw by repetition.} Re5+ {[%emt 0:00:05]} 25. Kd3 {
[%emt 0:00:08]} Rc5 {[%emt 0:00:46]} 26. Re1 {[%emt 0:01:39]} Bd7 {[%emt 0:00:
30]} 27. Kd2 {[%emt 0:02:30]} Rd5 {[%emt 0:00:47]} 28. Kc3 {[%emt 0:00:05]}
Rc5+ {[%emt 0:00:08]} 29. Kd2 {[%emt 0:00:05]} Rd5 {[%emt 0:00:07]} 30. Kc3 {
[%emt 0:00:14]} Rc5+ {[%emt 0:00:03]} 31. Kd2 {[%emt 0:00:07] Since we have
mentioned Greco a lot so far, it would be interesting to follow one of his
most spectacular achievements with this line:} 1/2-1/2

[Event "Tata Steel-A 78th"]
[Site "Wijk aan Zee"]
[Date "2016.01.17"]
[Round "2"]
[White "Hou, Yifan"]
[Black "So, Wesley"]
[Result "1/2-1/2"]
[WhiteElo "2673"]
[BlackElo "2773"]
[Annotator "Marin,M"]
[PlyCount "107"]
[EventDate "2016.01.16"]
[EventType "tourn"]
[EventRounds "13"]
[EventCountry "NED"]
[EventCategory "20"]
[SourceTitle "CBM 171"]
[Source "ChessBase"]
[SourceDate "2016.03.14"]
[SourceVersion "2"]
[SourceVersionDate "2016.03.14"]
[SourceQuality "1"]

1. e4 e5 2. Nf3 Nc6 3. Bb5 ({Curiously, the game will soon transpose to the
following Giuoco Pianissimo line:} 3. Bc4 Bc5 4. c3 Nf6 5. d3 a6 6. O-O d6 7.
Bb3 Ba7 8. Nbd2 O-O 9. h3 Ne7 10. Re1 Ng6 11. d4 Re8 12. Bc2) 3... Nf6 4. d3
Bc5 5. c3 O-O 6. O-O d6 7. h3 Ne7 {This has become a main trend lately.} 8. Re1
{White plays in Pianissimo style, refriaining from the early occupation of the
centre.} (8. d4 Bb6 9. Re1 (9. Nbd2 c6 10. Ba4 Ng6 {Kosintseva,T (2496)-Zhao,X
(2552) Khanty-Mansiysk 2014 CBM 160 [ChessBase Website] (1/2-1/2, 75)}) (9. Bd3
d5 {Carlsen,M (2863)-Kramnik,V (2783) Shamkir 2015 CBM 166 [Pavlovic,M] (1-0,
49)}) 9... d5 10. Nxe5 Nxe4 11. Nd2 {Svidler,P (2769)-Karjakin,S (2767)
Stavanger 2013 CBM 155 [Szabo,Kr] (1-0, 57)}) 8... a6 9. Ba4 Ba7 10. d4 {
Of course, it would not make sense delaying this advance forever.} Ng6 11. Bc2
Re8 12. Nbd2 c5 $5 $146 {Transposing to some sort of Chigorin Ruy Lopez
structure, with a different layout of the minor pieces. The queen's knight
surely stands better on g6 than on a5, but things are not entirely clear with
the dark-squared bishop. It can either have a killing force on the g1-a7
diagonal or remain completely out of play, depending on the circumstances.} (
12... Bd7 13. Nf1 d5 14. Nxe5 Nxe4 15. Nxd7 (15. Nxg6 hxg6 16. Nd2 $11 {
1/2-1/2 (22) Andriasian,Z (2610)-Michalik,P (2577) Groningen 2013}) 15... Qxd7
{1/2-1/2 Rublevsky,S (2684)-Georgiev,K (2654) Valjevo 2011. Due to his bishop
pair, White could have tried fighting for a long term advantage.} 16. Be3 c6
17. f3 Nd6 18. b3 Nf5 19. Bf2 Rxe1 20. Qxe1 Re8 21. Qd2 Bb8 22. Re1) (12... b5
13. Nf1 Bb7 14. Ng3 h6 {transposes to another Italian setup, with an early
defining of the queen's bishop. For instance:} 15. a4 Bb6 16. Bd2 c5 17. d5 Rb8
18. Qc1 Bc8 19. Nh2 c4 20. axb5 axb5 21. Nhf1 Bd7 {Atabayev,Y (2428)-Grischuk,
A (2771) Baku 2015 (1/2-1/2, 46)}) (12... Nh5 13. Nxe5 $2 (13. Nf1 $14 {
[%cal Gc1e3,Gd1d2]}) 13... Rxe5 14. Nc4 (14. dxe5 Qh4) 14... Rg5 15. Bxg5 Qxg5
$19 {Shyam,S (2485)-Maze,S (2582) Sitges 2015 (0-1, 38)}) 13. d5 {Karpov,A 
(2705)-Unzicker,W (2535) Milan 1975 (4) 1-0 As usual in these structures,
White has the choice between three possibilites in principle: maintaining the
tension, exchanging on e5 or blocking the centre. With the bishop on the c8-h3
diagonal still, Hou Yifan's choice is not the most principled. If we compare
with Atabayev-Grischuk above, Black will have two extra tempi! But it is also
worth mentioning that Anatoly Karpov had a similar inclination towards
blocking the centre even when this would not cause Black immediate problems
with one of his queenside minor pieces. See for instance} (13. Nf1 $2 {leaves
White hanging after} cxd4 14. cxd4 exd4 15. Nxd4 d5 {[%csl Gd4]}) ({The
strongest move is} 13. dxe5 $1 {Fischer,R-Unzicker,W Zuerich 1959 (8) 1-0 in
the spirit of the young Fischer (later he learned how to maintain the tension).
Compare with} dxe5 14. Nc4 {[%csl Gd5,Gd6]} Qc7 (14... Qxd1 15. Rxd1 b5 16. Nd6
Rd8 17. Be3 Ne8 18. Nxc8 Rxd1+ 19. Rxd1 Rxc8 20. a4 $16 {[%csl Ra7,Gc2]}) 15.
Qd6 Bb8 16. Qxc7 Bxc7 17. Ne3 b5 18. a4 $36 {[%csl Gd5,Gf5][%cal Ga1a8]}) 13...
b5 14. b3 {Taking measures against the bishop's activation with ...c5-c4, but
as we will see this will be a temporary solution only.} Bd7 15. Nf1 Qc7 16. Ne3
$5 {Karpov,A (2645)-Gligoric,S (2595) Leningrad Interzonal 1973 (13) 1-0 The
knight is keeping an eye on both wings. This is not a typical regrouping in
the blocked Spanish, but I remember another example from Karpov's collection:}
({White cannot take advantage of the relative vulnerability of the f6-knight:} 
16. Bg5 Nh5 17. Nxe5 $2 Rxe5 18. Qxh5 h6 $19) ({The standard regrouping is} 16.
Ng3 {but here it does not look too effective.} h6 17. c4 (17. Be3 c4 18. b4 a5
19. a3 Bxe3 20. Rxe3 Ra6 $36) 17... Bb6 {[%cal Gb6a5] White has to either
exchange the dark-squared bishops, depriving herself of an important kingside
attacking piece, or else alow the enemy bishop's infiltration to c3-d4.}) 16...
Bb6 17. a4 Nf4 18. Nh2 {[%cal Gh2g4]} c4 $1 {Black needs to make use of his
slight advance in development (a direct consequence of having saved on the
regrouping ...Bb7-c8-d7) to get some queenside play before White's kingside
attack becomes too strong.} 19. bxc4 (19. b4 a5 $36) 19... Ba5 $1 (19... bxc4
20. Nf3 {[%cal Gf3d2] would force Black to exchange on e3 in order to save the
c4-pawn.}) 20. Bd2 bxc4 {This capture is safe now that the d2-square is not
available anymore.} 21. Nhg4 Nxg4 22. hxg4 Rab8 23. Ra3 $5 {A confusing (at
least for the opponent) prophylactic move. White does not achieve much by
starting active kingside operations:} (23. g3 Nd3 24. Rf1 Nc5 25. Kg2 (25. Nxc4
$2 Nxe4 $1) 25... Nb3 $132) (23. Qf3 Rb2 (23... Nd3 24. Reb1 Nc5 $6 25. Nxc4 {
and now} Nxe4 $2 {does not work any more due to} 26. Qxe4) 24. g3 {[%csl Rh7]
[%cal Gg1g2,Ge1h1,Gg4g5,Gf3h5]} Nd3 25. Reb1 Reb8 26. Rxb2 Rxb2 27. g5 {
White seems on her way to starting the attack along the h-file, but Black can
cross her intentions with the following possible variation resulting in a draw.
} Bb6 28. Nxc4 Qxc4 29. Bxd3 Qc8 30. Be3 Bg4 31. Bxa6 Qd7 32. Bb5 Rxb5 33. axb5
Bxf3 34. Ra8+ Qd8 (34... Bd8 35. Bb6 Kf8 36. Rxd8+ Ke7 $11) 35. Rxd8+ Bxd8 36.
b6 Bxe4 37. b7 Bc7 38. Ba7 Bxd5 39. b8=Q+ Bxb8 40. Bxb8 $11) ({The last move
acted as some sort of magnet in So's planning, but objectively} 23. Ra2 {
might have been a bit more accurate.}) 23... Qc5 $6 {So doesn't find the right
plan, wasting a tempo for nothing.} (23... Bb6 $1 24. Ra2 (24. Qf3 Bxe3 25.
Bxe3 Rb2 $36) 24... Qc8 25. g3 (25. g5 $2 Bd8) (25. Nf5 g6 {White does not
have any way to justify a knight sacrifice on f5 while after} 26. Nh6+ Kg7 27.
g5 Bd8 {the g5-pawn is doomed.}) 25... Nd3 26. Rf1 Bxe3 27. Bxe3 Bxg4) 24. Ra2
Rb7 {This slow plan will soon lead to troubles.} ({The same plan as above is
by one move too slow now:} 24... Bb6 25. Qf3 Qc8 26. Nf5 {Moreover, after the
uninspired ...Qc5, Black does not have ...Nd3-c5 any more.}) 25. g3 Nd3 26. Rf1
Reb8 27. Qe2 Rb2 28. Rxb2 Nxb2 29. Rb1 ({White could have started a promising
kingside attack already:} 29. g5 g6 (29... Nxa4 30. Qh5 Nxc3 31. Kg2 $18) 30.
Kg2 Nxa4 31. Bxa4 Bxa4 32. Ng4 (32. Ra1 Bd7 33. Qxc4) 32... Bd8 33. Ra1 (33.
Nf6+ Bxf6 34. gxf6 Bc2) 33... Bb5 34. Nf6+ Bxf6 35. gxf6 Qc8 36. Qe3 Qd8 37.
Qg5 $40 {Polgar,J (2728)-Sokolov,I (2685) Corus Wijk aan Zee 2005 (12) 1-0
Without generalising, I cannot help remarking that in this game Hou Yifan
clearly missed the killer instinct of Judit Polgar. See for example:}) 29...
Bc7 (29... g6 $2 30. Nd1 $18) 30. Ra1 (30. g5 $1 Nxa4 31. Ra1 Nb6 32. Qh5 $40)
30... g6 31. Kg2 {But now, combining the plans on the opposite wings will
result in a loss of a tempo, making Black's position bearable.} (31. Bc1 $5 {
[%csl Gb2]} Qa7 (31... Bd8 $2 32. Rb1) (31... Qa5 32. Qd2 Bb6 33. Nf5 $1 gxf5
34. Qg5+ Kf8 35. Qf6 $18 {[%csl Gd6][%cal Gc1h6,Gc1b2]}) 32. Ra2 Nd3 33. Ba3
$16) 31... Bd8 32. Bc1 {Even now this is strong.} Qc8 33. Ra2 Nd3 34. Ba3 (34.
Bxd3 cxd3 35. Qxd3 Bg5 36. f3 Rb3 37. Bd2 Bxe3 38. Qxe3 Qc4 $36) 34... Bb6 (
34... Be7 $5 $14 {[%csl Gd6]}) 35. Nxc4 Ne1+ $1 (35... Qxc4 36. Bxd3 Qxc3 37.
Bxd6 $18) 36. Qxe1 Qxc4 37. Rb2 Qc7 (37... Bc7 {is a more accurate way of
getting the same kind of fortress as in the game.} 38. Rxb8+ Bxb8 39. Qb1 Bc7
$14) 38. Bd1 (38. g5 $1 {would have prevented Black from setting up his
fortress later.}) 38... Rc8 39. Qe2 a5 40. Qa6 (40. Qf3 $5 {would have still
offered some chances to keep Black under pressure on both wings.}) 40... Rb8
41. Qd3 f6 42. Qc2 Ba7 43. Rxb8+ Qxb8 44. Qb3 Qc7 45. Be2 g5 $11 {Black has
managed to block the position completely, making White's extra pawn irrelevant.
} 46. Kf1 Kf7 47. f3 Ke7 48. Bd3 Qb6 49. Qxb6 Bxb6 50. Bb5 Bc8 51. Ke2 Bc5 52.
Bc1 Kd8 53. Bd2 Kc7 54. Be1 1/2-1/2

[Event "WchT 12th"]
[Site "Astana"]
[Date "2019.03.09"]
[Round "5.6"]
[White "Sasikiran, Krishnan"]
[Black "McShane, Luke J"]
[Result "0-1"]
[WhiteElo "2678"]
[BlackElo "2661"]
[Annotator "McShane,L"]
[PlyCount "66"]
[EventDate "2019.03.05"]
[EventType "team-tourn"]
[EventRounds "9"]
[EventCountry "KAZ"]
[SourceTitle "CBM 189"]
[Source "ChessBase"]
[SourceDate "2019.04.29"]
[SourceVersion "1"]
[SourceVersionDate "2019.04.29"]
[SourceQuality "1"]
[WhiteTeam "India"]
[BlackTeam "England"]
[WhiteTeamCountry "IND"]
[BlackTeamCountry "ENG"]

1. e4 e5 2. Nf3 Nc6 3. Bc4 Nf6 4. d3 Bc5 5. c3 a6 6. a4 d6 7. O-O Ba7 8. b4 {
An unusual move in this exact position.} (8. Re1 {and}) (8. Na3 {are more
common}) 8... O-O 9. Re1 h6 ({The immediate} 9... Ne7 {was Karjakin's choice
against Carlsen during their 2016 World Championship match}) 10. h3 Ne7 11. d4
(11. Nbd2 Ng6 12. Nf1 c6 {1/2-1/2 (44) Vachier Lagrave,M (2783)-Giri,A (2764)
Leuven 2017}) 11... exd4 12. cxd4 d5 13. exd5 (13. e5 {was an interesting
alternative leading to a sharper game.} Ne4 (13... dxc4 {is very risky, but
playable} 14. exf6 gxf6 15. Bxh6 Re8 16. Nc3 Bf5 {and White probably has some
advantage in this unbalanced middlegame.}) 14. Bd3 Bf5 $13 ({I was also
considering} 14... a5 $5 15. bxa5 c5)) 13... Nexd5 14. b5 axb5 15. axb5 Be6 $11
16. Qb3 Bb6 17. Rxa8 Qxa8 18. Bd2 Ba5 {Since it's hard to bring any extra
pressure to bear on the d4-pawn, the bishop looked a bit passive on b6. So I
decided it would make sense to exchange it.} 19. Nc3 (19. Bxa5 Qxa5 20. Nbd2
Ra8 $11) 19... Bxc3 20. Bxc3 Re8 21. Bd2 Qc8 22. Re5 {This move looks a bit
too optimistic here. Since he was also short of time, and the position is
rather equal, that was a bad combination.} (22. Qc2 {is the move that I
expected, anticipating Nd5-b6} Qd7 (22... Nb6 $2 23. Bxe6 Rxe6 24. Rxe6 fxe6 (
24... Qxe6 25. Qxc7 $16) 25. Bxh6 $1 {is the point of 22.Qc2}) 23. Ne5 Qd6 {
with a balanced game.}) 22... Qd7 23. Ne1 $2 {Trying to bring the knight to d3,
but there isn't time for this.} (23. Qc2 {is still about equal}) 23... Nb6 {
Now White gets into trouble surprisingly fast.} 24. Bxe6 Rxe6 25. Nd3 (25. Rxe6
Qxe6 26. Qxe6 fxe6 {is quite uncomfortable for White, as the knights can hop
around and attack the pawn on b5.}) 25... Rxe5 26. dxe5 (26. Nxe5 Qd5 $15 {
once again, with the weak pawn on b5, exchanging queens is not appealing for
White.}) 26... Ne4 27. Be3 (27. Ba5 Qd5 28. Qxd5 Nxd5 {looks pretty unpleasant
for White, although apparently} 29. Nb4 $1 {is just about OK.}) 27... Qd5 $1
28. Qc2 Nc4 $17 29. b6 $5 {A tricky idea, although it falls short.} (29. Nf4 {
is the move White would like to play, but} Nxe3 30. fxe3 Qxe5 {wins a clear
pawn.}) 29... c5 $1 (29... cxb6 30. Nb4 $1 Qb5 (30... Nxe3 $4 {reveals the
point of 29.b6} 31. Qc8+ {wins the queen!}) 31. Qxe4 Qxb4 32. e6 $11) 30. e6 (
30. Bc1 Nxb6 $17) 30... Qxe6 31. Bxc5 $2 (31. Nf4 Nxe3 32. fxe3 Qe5 $17 (32...
Qc6 33. Qd3 {is a bit less clear: White threatens Qd3-d8-c7})) 31... Nxc5 32.
Nxc5 Qe1+ 33. Kh2 Qe5+ 0-1